000 00583cab a2200193 4500
001 WB2345-19
008 090401t1987 xxu||||| |||| 00| 0 eng d
035 _a(Sirsi) u49346
041 _aeng
245 _aWider exposure offered
260 _c1987
350 _a0
490 _aFinancial Times
_v7/11/87 pxii
520 _aThe Property Data Services (PDS) now has 207 estate agencies sharing information on properties available for sale.
650 _aMULTIPLE LISTING
690 _aMANAGEMENT-BUSINESS MANAGEMENT-PROFESSIONAL PRACTICE
942 _n0
948 _c04/03/1997
999 _c30876
_d30876